ბათუმის შოთა რუსთაველის სახელმწიფო უნივერსიტეტის ბიბლიოთეკა

Вулканы : (ბიბ.ჩანაწერი № 60979)

000 -LEADER
fixed length control field 00717nam a22002057a 4500
005 - DATE AND TIME OF LATEST TRANSACTION
control field 20231201145828.0
008 - FIXED-LENGTH DATA ELEMENTS--GENERAL INFORMATION
fixed length control field 231201s1982ru xxu||||| |||| 00| 0 rus d
020 ## - INTERNATIONAL STANDARD BOOK NUMBER
International Standard Book Number X
041 ## - LANGUAGE CODE
Language code of text/sound track or separate title rus
080 ## - UNIVERSAL DECIMAL CLASSIFICATION NUMBER
Universal Decimal Classification number 551.21 А-77
100 ## - MAIN ENTRY--PERSONAL NAME
Personal name Апродов, В. А.
9 (RLIN) 20550
245 ## - TITLE STATEMENT
Title Вулканы :
Remainder of title [научно-популярная литература] /
Statement of responsibility, etc. В. А. Апродов.
264 ## - PRODUCTION, PUBLICATION, DISTRIBUTION, MANUFACTURE, AND COPYRIGHT NOTICE
Place of production, publication, distribution, manufacture Москва :
Name of producer, publisher, distributor, manufacturer Мысль,
Date of production, publication, distribution, manufacture, or copyright notice 1982.
300 ## - PHYSICAL DESCRIPTION
Extent 367 с. :
Other physical details ил.
440 ## - SERIES STATEMENT/ADDED ENTRY--TITLE
Title (Природа мира).
9 (RLIN) 20551
500 ## - GENERAL NOTE
General note Библиогр.: с. 342-348. , Указ.вулканов : с. 349-361
653 ## - INDEX TERM--UNCONTROLLED
keyword Вулканы
653 ## - INDEX TERM--UNCONTROLLED
keyword ვულკანები
942 ## - ADDED ENTRY ELEMENTS (KOHA)
Source of classification or shelving scheme
Koha item type წიგნი
ეგზემპლარები
Withdrawn status Lost status Source of classification or shelving scheme Damaged status Not for loan Permanent Location Current Location Shelving location Date acquired Cost, normal purchase price Full call number Barcode Date last seen Copy number Uniform Resource Identifier Cost, replacement price Price effective from Koha item type Public note
          ბათუმის შოთა რუსთაველის სახელმწიფო უნივერსიტეტის მთავარი ბიბლიოთეკა ბათუმის შოთა რუსთაველის სახელმწიფო უნივერსიტეტის მთავარი ბიბლიოთეკა წიგნსაცავი 2023-12-01 8.00 551.21 А-77 65524 2023-12-01 65524 ბსუ-ს საპატიო დოქტორის გურამ ლორთქიფანიძის საჩუქარი 0.00 2023-12-01 წიგნი 8.00